Dialogo di tre fanciulle che vanno ai santuari di Oropa, Graglia, S. Giov. d'Andorno e al Sacro monte di Varallo nella Valle Sesia

Guardado en:
Detalles Bibliográficos
Formato: Libro
Lenguaje:italiano
Publicado: Biella Amosso 1887
Catálogo:EDISCO:  Resultados de Búsqueda del Catálogo
Clasificación de libros de texto:
Etiquetas: Agregar Etiqueta
Sin Etiquetas, Sea el primero en etiquetar este registro!
Añadido a:2016-04-30
Cambiado en:2017-10-18

MARC

LEADER 00000aam a22000007 4500
001 03312
003 OSt
005 20171018093753.0
008 160501s1887 it 000 0 ita
040 |c Gianfranco Bandini - Firenze - CLIO 
041 1 |a ita 
245 0 0 |a Dialogo di tre fanciulle che vanno ai santuari di Oropa, Graglia, S. Giov. d'Andorno e al Sacro monte di Varallo nella Valle Sesia 
260 |a Biella  |b Amosso  |c 1887 
300 |a 125, 1/x ;  
901 |a 7 
942 |2 ddc  |c BK 
546 |a ita 
999 |c 3301  |d 3301 
999 |c edisco:3301  |d 3301